000
00265nam a22000857a 4500
008
170113b xxu||||| |||| 00| 0 eng d
100
_9
2376
_a
Madhavan. S
245
_a
Broadway: A Multi skill Course in English- Literature Reader-3
260
_a
New Delhi
_b
Oxford Press
_c
2005
999
_c
5374
_d
5374